| Registos Bibliográficos associados ao registo de autoridade |
|
Etiqueta de registo: 00379nas 2200205 450 001 1869084 003 http://id.bnportugal.gov.pt/bib/catbnp/1869084 100 ## $a20140403b19631963m y0pory01030103ba 101 0# $apor 102 ## $aPT 106 ## $ae 110 ## $acyyzz 0uu0 200 1# $a A taça$f[propr.] O Século 207 #0 $a8 maio 1963 210 #9 $a[Lisboa]$cSociedade Nacional de Tipografia "O Século",$d1963 215 ## $d41 cm 326 ## $aPeriodicidade irregular 620 ## $dLisboa 675 ## $a796.33.093(469)(054)$vBN$zpor$31569476 712 02 $a O Século$c(firma)$4650$3419694 801 #0 $aPT$bBN$gRPC 856 41 $uhttp://rnod.bnportugal.gov.pt/ImagesBN/winlibimg.aspx?skey=&doc=1869084&img=43074&save=true 966 ## $lBN$mFGJOR$sJ. 7393 V.$x1
Etiqueta de registo: 00525cas 2200193 450 001 755479 003 http://id.bnportugal.gov.pt/bib/catbnp/755479 100 ## $a19990108b19431956m y0pory01030103ba 101 0# $apor 102 ## $aPT 106 ## $ar 110 ## $aakazz 0uu0 200 1# $aRelatório e Contas da Feira Popular de Lisboa$fFeira Popular de Lisboa 210 #9 $aLisboa$cFeira Popular de Lisboa,$d[1943]-1956 215 ## $d23 cm 303 ## $aDescrição baseada em: 1949 (1949) 305 ## $aAs edições de 1949 e 1950 são organizadas pelo Governo Civil de Lisboa 305 ## $aAs ediçoes de 1951 e 1955 são organizadas pela Empresa do Jornal O Século e incluem
o relatório da Feira Internacional de Amostras 326 ## $aAnual 620 ## $dLisboa 712 02 $aFeira Popular de Lisboa$4650$3214537 712 01 $aLisboa.$bGoverno Civil$4650$330205 712 02 $a O Século$c(firma)$4650$3419694 801 #0 $aPT$bBN$gRPC 966 ## $lBN$mFGREV$sP.P. 6071 P.$x1
Etiqueta de registo: 01475cem 02200361 04500 001 319385 003 http://id.bnportugal.gov.pt/bib/catbnp/319385 005 19981229000000.0 095 ## $aPTBN00335443 100 ## $a19910422d1909 m y0pora0103 ba 101 0# $apor 102 ## $aPT 120 ## $abyy 121 ## $aaaaaabbxa 123 4# $aa $b500000$d $e $f $g $h $i $j $k $m $n 200 0# $aMappa de Portugal$bMaterial cartográfico]$fmandado executar expressamente pelo jornal O Seculo 206 ## $aEscala 1:500000 210 #9 $aLisboa$cA Editora,$d1909 215 ## $a1 mapa$ccolor$d120,50x73,00 cm, em folha de 126,50x78,00 cm 315 ## $aContém escala gráfica de "60 KILM." 316 ## $5PTBN: C.C. 960 R.$aCota antiga: CA f R(47) 327 1# $aNa margem inferior esquerda apresenta os "Signaes convencionaes"$aNa margem inferior direita apresenta informação sobre o jornal "O Seculo" 518 1# $aMapa de Portugal 675 ## $a914.69(084.3)$vBN$zpor$3300005 675 ## $a912"19"(084.3)$vBN$zpor$3299973 710 02 $a O Século$c(firma)$3419694 712 02 $aA Editora$4650$31215099 801 #0 $aPT$bBN$gRPC 856 40 $uhttps://purl.pt/22199 856 41 $uhttps://purl.pt/22199/service/media/cover/low 856 49 $uhttps://purl.pt/22199/service/media/jpeg$qimage/jpeg 958 ## $aBND$bLivre$cDigitalizado$d1$ehttps://purl.pt/22199/service/media/cover/max 966 ## $lBN$mCARTOG$sC.C. 960 R.
Etiqueta de registo: 00628cam 022002051 04500 001 234971 003 http://id.bnportugal.gov.pt/bib/catbnp/234971 005 19981204110800.0 095 ## $aPTBN00243307 100 ## $a19000001d1941 m y0pora0103 ba 101 0# $apor 102 ## $aPT 200 1# $aVencidos da vida$e1º ciclo de conferências$fpromovidas pelo "Século" 210 #9 $aLisboa$cSéculo,$d1941 215 ## $a[8], XII, 282, [4] p., [9] p. il$cil.$d21 cm 710 12 $aConferências Vencidos da Vida,$d1,$eLisboa,$f1941$31096942 712 02 $a O Século$c(firma)$4340$3419694 801 #0 $aPT$bBN$gRPC 966 ## $lBN$mFGMON$sB.R. 1644 997 ## $aBIBEOD 998 ## $aCR585 - 00183
Etiqueta de registo: 00493cas 02200181 04500 001 1002894 003 http://id.bnportugal.gov.pt/bib/catbnp/1002894 100 ## $a19909255b19291929m y0pory0103 ba 101 0# $apor 102 ## $aPT 106 ## $ae 110 ## $acyyzz 0uu0 200 1# $a O século$esuplemento dedicado às exposições de Sevilha e Barcelona 207 #0 $a[Nº único] 210 #9 $a[Lisboa$cO Século,$d1929] 215 ## $d40 cm 326 ## $aPeriodicidade irregular 620 ## $dLisboa 675 ## $a908(469)(054)$vBN$zpor$31473295 712 02 $a O Século$c(firma)$4340$3419694 801 #0 $aPT$bBN$gRPC 966 ## $lBN$mFGJOR$sJ. 7291 V.$x0 966 ## $lBN$mFGJOR$sJ. 1662//27 V.
Etiqueta de registo: 00254nkm 2200109 450 001 1884791 003 http://id.bnportugal.gov.pt/bib/catbnp/1884791 100 ## $a20140929d1898 me y0pory01030103ba 101 0# $apor 102 ## $aPT 200 1# $aAlbum d'O Seculo$bVisual gráfico]$fpor Joaquim de Mello$g[capa com reprodução de uma aguarela de Roque Gameiro] 210 #9 $aLisboa$cEmpreza do jornal "O Seculo",$d[1898] 215 ## $a30 p.$cil., color.$d15x24 cm 304 ## $aData e ilustração da capa atribuídas em conformidade com o anuncio da publicação da
obra em: "O Século", 9 de julho de 1898, p. 4 512 1# $aCentenario indiano$ealbum d'O Seculo$emarinha historica do seculo XV e XVI 675 ## $a629.5(084.1)$vBN$zpor$3556165 675 ## $a629.5(=1:469)"14/15"(084.1)$vBN$zpor$31587479 675 ## $a729.94(540.55)Monumento a Vasco da Gama(084.1)$vBN$zpor$31587480 675 ## $a726.54(469.411Lisboa)Igreja de Santa Maria de Belém(084.1)$vBN$zpor$31303600 675 ## $a726.71(469.411.16)Mosteiro dos Jerónimos(084.1)$vBN$zpor$3309447 675 ## $a910.4Gama, Vasco da(084.1)$vBN$zpor$3556307 675 ## $a929.7Gama, Vasco da(084.1)$vBN$zpor$3400733 700 #1 $aMelo,$bJoaquim de,$ffl. c. 1897?$3503871 702 #1 $aGameiro,$bAlfredo Roque,$f1864-1935$4140$329769 712 02 $a O Século$c(firma)$4650$3419694 801 #0 $aPT$bBN$gRPC 966 ## $lBN$mICONOG$sE.A. 153 P. $x6 997 ## $aBIBEOD
Etiqueta de registo: 00254ckm 2200109 450 001 1878006 003 http://id.bnportugal.gov.pt/bib/catbnp/1878006 100 ## $a20140703f19061910me y0pory01030103ba 101 0# $apor 102 ## $aPT 200 1# $aConcurso da Primavera$bVisual gráfico]$i a primeira série da famosa colleccção de bichos$i uma famosa colleccção de bichos, segunda série$i uma famosa colleccção de bichos, terceira série 210 #9 $a[Lisboa]$cBibliotheca Nacional de Lisbôa,$d[ca. 1908] 215 ## $a1 álbum $ctodo il., p&b$d18x23 cm 305 ## $aAlbum factício, constituído por uma recolha de estampas fotomecânicas, recortadas
e coladas sobre folhas de cartolina, publicadas pelo jornal O Século no âmbito do
seu "Concurso da Primavera", entre 1906 e 1908 306 ## $aData provável, segundo datas de publicação original das séries (v. Júlia Barros, op.
cit.), e características formais, incluindo o carimbo da B.N.L. (anterior a 1910) 310 ## $aEncadernação em cartão forrado com colagem de papel marmoreado, amarelo e castanho,
e por pele fina na lombada 321 1# $aBarros, Júlia Teresa Pinto de Sousa Leitão de - O jornalismo político republicano
radical: O Mundo (1900-1907), tese dout., Lisboa: FCSH da Univ. Nova, 2014, tomo II
- anexos, pp. 90-91 516 1# $aConcurso collecção de bichos 540 1# $aFamosa coleção de bichos, concurso da Primavera do jornal O Século 545 1# $a A primeira série da famosa colleccção de bichos 545 1# $a Uma famosa colleccção de bichos, segunda série 545 1# $a uma famosa colleccção de bichos, terceira série 675 ## $a659.16(469)"190"(084.1)$vBN$zpor$31593387 675 ## $a741.5(=1:469)"19"(084.1)$vBN$zpor$3756840 675 ## $a741.5(=1:469)"1906/1908"(084.1)$vBN$zpor$31593388 675 ## $a741.5(469)"19"(084.1)$vBN$zpor$31558977 675 ## $a741.5(469)"1906/1908"(084.1)$vBN$zpor$31593389 702 #1 $aRaimundo,$bAntónio da Costa,$f1858-1947$4390$31593410 702 #1 $aFreitas,$bJ. C.,$ffl. ca. 1908$4110$31593411 712 01 $aPortugal.$bBiblioteca Nacional de Lisboa$4120$3992452 712 02 $a O Século$c(firma)$4100$3419694 801 #0 $aPT$bBN$gRPC 966 ## $lBN$mICONOG$sE.A. 60 P. $x6 997 ## $aBIBEOD
Etiqueta de registo: 02348ckm 2200397 450 001 1921368 003 http://id.bnportugal.gov.pt/bib/catbnp/1921368 100 ## $a20160128d1974 me y0pory01030103ba 101 0# $apor 102 ## $aPT 200 1# $aMFA$bVisual gráfico]$eforças armadas, raízes de uma revolução$edinamização cultural - acção cívica$f[design de] Vespeira 210 #9 $a[S.l.]$c5ª Div. - EMGFA$cdistr. O Século,$d[1974]$eLisboa :$gInstituto Hidrográfico) 215 ## $a1 cartaz$ccolor.$d42x30 cm 305 ## $aA Imprensa Nacional editou também um cartaz semelhante, com o mesmo desenho e teor
da letra, mas com diferentes dimensões e variando nas cores, tendo o presente exemplar
sido editado enquanto separata ao Boletim informativo do Movimento das Forças Armadas,
n.º 4 (12 Nov. 1974) 306 ## $aData atribuída em conformidade com a mencionada no cabeçalho do referido Boletim do
MFA reproduzido na margem inferior, em conjugação com as caraterísticas formais do
documento 317 ## $aColeção Madeira Luís$5PTBN: CT. 7460 V. 330 ## $aAo centro cravo vermelho estilizado com a haste verde irrompendo da sigla MFA inserida
em base círcular, tornado símbolo do Movimento das Forças Armadas 514 1# $aFlor - Libertação, Fruto - Democracia, Semente - Socialismo 517 1# $aForças armadas, raízes de uma revolução$edinamização cultural - acção cívica 532 00 $aMovimento das Forças Armadas 675 ## $a323.2(469)"1974"(084.5)$vBN$zpor$3309773 675 ## $a355.24(469)"1974"(084.5)$vBN$zpor$31633988 675 ## $a355.48(469)"1974"(084.5)$vBN$zpor$31633989 675 ## $a766(=1:469)"197"(084.5)$vBN$zpor$31270858 675 ## $a94(469)"1974"(084.5)$vBN$zpor$31185329 702 #0 $aVespeira,$f1925-2002$4410$373612 710 01 $aPortugal.$bMovimento das Forças Armadas$314920 712 01 $aPortugal.$bEstado Maior General das Forças Armadas.$b5.ª Divisão$4650$31633990 712 02 $a O Século$c(firma)$4310$3419694 712 01 $aPortugal.$bInstituto Hidrográfico$4610$314389 801 #0 $aPT$bBN$gRPC 856 40 $uhttps://purl.pt/38353 856 41 $uhttps://purl.pt/38353/service/media/cover/low 856 49 $uhttps://purl.pt/38353/service/media/jpeg$qimage/jpeg 958 ## $aBND$bLivre$cDigitalizado$d1$ehttps://purl.pt/38353/service/media/cover/max 966 ## $lBN$mICONOG$pFrancisco Madeira Luís$sCT. 7460 V.$x3
Etiqueta de registo: 00379nas 2200205 450 001 2137534 003 http://id.bnportugal.gov.pt/bib/catbnp/2137534 100 ## $a20230713b19701971m y0pory01030103ba 101 0# $apor 102 ## $aPT 106 ## $ar 110 ## $aayuzz 0uu0 200 1# $aCadernos do Século.$iSérie actualidade$fEditorial O Século$gcoord. Afonso Cautela 207 #0 $aNº 1 (mar. 1970) - nº 13 (out. 1971) 210 #9 $aLisboa$cEditorial O Século,$d1970-1971 215 ## $d20 cm 300 ## $aCada nº catalogado monograficamente 326 ## $aPeriodicidade irregular 517 1# $aCadernos do Século$euma enciclopédia da actualidade 620 ## $dLisboa 702 #1 $aCautela,$bAfonso,$f1933-2018$4340$343658 712 02 $a O Século$c(firma)$4650$3419694 801 #0 $aPT$bBN$gRPC 966 ## $lBN$mFGREV$sP.P. 5495 P.
Etiqueta de registo: 00254nkm 2200025 450 001 2285629 003 http://id.bnportugal.gov.pt/bib/catbnp/2285629 100 ## $a20260502d1962 m y0pory01030103ba 101 0# $apor 102 ## $aPT 116 ## $am 200 1# $aConcurso dos Namorados$bVisual gráfico]$egrande iniciativa do jornal O Século 210 #9 $aLisboa$cO Século,$d[1962?] 215 ## $a96 p.$cil., p&b$d19x24 cm 304 ## $aIlustradores: Álvaro Duarte de Almeida, Carlos Ribeiro, Eduardo Teixeira Coelho, José
Felix, António Serra Alves Mendes (Meco), Thomaz de Mello (Tom), Baltazar Ortega,
Domingos Saraiva, José Garcês 316 ## $aCaderneta por preencher; contém apenas as gravuras de origem impressas na própria
estrutura 317 ## $aColeção Leandro de Moraes Sarmento$5PTBN: L.M.S. 958 330 ## $aColeção de 90 gravuras a preto e branco (12x9 cm) alusivas ao tema do namoro. Gravuras
numeradas, publicadas diariamente no jornal O Século (canto superior esquerdo da pág.
2), para recortar e colar sobre as figuras e os números correspondentes 517 1# $aCaderneta [do] Concurso dos Namorados 606 ## $aPublicações juvenis$yPortugal$zSéc. 20$xIlustrações$2SIPOR$31997736 675 ## $a087.5(084.1)$vBN$zpor$3288233 702 #1 $aAlmeida,$bÁlvaro Duarte de,$f1909-1972$4440$31201 702 #1 $aGarcês,$bJosé,$f1928-2020$4440$330188 702 #1 $95$aRibeiro,$bCarlos$4440$31009435 702 #1 $aCoelho,$bEduardo Teixeira,$f1919-2005$4440$331614 702 #1 $93$aFélix,$bJosé$4440$3285235 702 #0 $aMéco,$cpseud.$4440$389291 702 #0 $aTom,$cpseud.$4440$380167 702 #1 $91$aOrtega,$bBaltazar$4440$31997461 702 #1 $aSaraiva,$bDomingos,$f1908-1994$4440$3109461 710 02 $a O Século$c(firma)$3419694 801 #0 $aPT$bBN$gRPC 966 ## $lBN$mFGMON$pBiblioteca particular Leandro de Moraes Sarmento$sL.M.S. 958 $x3
Etiqueta de registo: 00254nkm 2200025 450 001 2285628 003 http://id.bnportugal.gov.pt/bib/catbnp/2285628 100 ## $a20260502d1962 m y0pory01030103ba 101 0# $apor 102 ## $aPT 116 ## $am 200 1# $aConcurso Mulheres de Portugal$bVisual gráfico]$egrande iniciativa do jornal O Século 210 #9 $aLisboa$cO Século,$d[1962?] 215 ## $a96 p.$cil., p&b$d19x24 cm 304 ## $aIlustradores: Álvaro Duarte de Almeida e José Garcês 317 ## $aColeção Leandro de Moraes Sarmento$5PTBN: L.M.S. 957 330 ## $aCaderneta composta por 90 gravuras a preto e branco (12x9 cm) alusiva aos grandes
vultos femininos da História de Portugal, acompanhadas de textos elucidativos. As
gravuras, numeradas, eram publicadas diariamente no canto superior esquerdo da segunda
página do jornal O Século, destinando-se a ser recortadas e coladas nos espaços em
branco correspondentes 517 1# $aCaderneta [do] Concurso Mulheres de Portugal 517 1# $aMulheres de Portugal$ecaderneta 606 ## $aPublicações juvenis$yPortugal$zSéc. 20$xIlustrações$2SIPOR$31997736 675 ## $a087.5(084.1)$vBN$zpor$3288233 702 #1 $aAlmeida,$bÁlvaro Duarte de,$f1909-1972$4440$31201 702 #1 $aGarcês,$bJosé,$f1928-2020$4440$330188 710 02 $a O Século$c(firma)$3419694 801 #0 $aPT$bBN$gRPC 966 ## $lBN$mFGMON$pBiblioteca particular Leandro de Moraes Sarmento$sL.M.S. 957 $x3
Etiqueta de registo: 00254nkm 2200025 450 001 2285627 003 http://id.bnportugal.gov.pt/bib/catbnp/2285627 100 ## $a20260502d1959 m y0pory01030103ba 101 0# $apor 102 ## $aPT 116 ## $am 200 1# $aConcurso Grandes de Portugal$bVisual gráfico]$egrande iniciativa do jornal O Século 210 #9 $aLisboa$cO Século,$d1959 215 ## $a96 p.$cil., p&b$d19x24 cm 304 ## $aIlustradores: Álvaro Duarte de Almeida e José Garcês 316 ## $aFalta grav. 47 (Almeida Garret), 66 (Câmara Pestana), 67 (ator Taborda) e 69 (António
Enes) 317 ## $aColeção Leandro de Moraes Sarmento$5PTBN: L.M.S. 956 330 ## $aCaderneta composta por 90 gravuras a preto e branco (12x9 cm) de diversas figuras
da História de Portugal, acompanhadas por textos explicativos. As gravuras, numeradas,
eram publicadas diariamente no canto superior esquerdo da segunda página do jornal
O Século, destinando-se a ser recortadas e coladas nos espaços em branco do reto das
páginas (sendo o verso reservado a publicidade) 517 1# $aCaderneta [do] Concurso Grandes de Portugal 517 1# $aGrandes de Portugal$ecaderneta 606 ## $aPublicações juvenis$yPortugal$zSéc. 20$xIlustrações$2SIPOR$31997736 675 ## $a087.5(084.1)$vBN$zpor$3288233 702 #1 $aAlmeida,$bÁlvaro Duarte de,$f1909-1972$4440$31201 702 #1 $aGarcês,$bJosé,$f1928-2020$4440$330188 710 02 $a O Século$c(firma)$3419694 801 #0 $aPT$bBN$gRPC 966 ## $lBN$mFGMON$pBiblioteca particular Leandro de Moraes Sarmento$sL.M.S. 956 $x3
Etiqueta de registo: 00254nkm 2200025 450 001 2285626 003 http://id.bnportugal.gov.pt/bib/catbnp/2285626 100 ## $a20260502d1960 m y0pory01030103ba 101 0# $apor 102 ## $aPT 116 ## $am 200 1# $aFiguras da actualidade$bVisual gráfico]$ecaderneta infantil$fO Século 210 #9 $aLisboa$cO Século,$d[ca 1960] 215 ## $a32 p.$cil., p&b$d19x24 cm 304 ## $aGrande concurso organizado pelo jornal O Século para alegria dos miúdos 317 ## $aColeção Leandro de Moraes Sarmento$5PTBN: L.M.S. 955 330 ## $aCaderneta composta por 120 gravuras a preto e branco (5x3 cm) alusivas a várias personalidades
públicas da atualidade, dos anos 50 e 60, ligadas ao mundo artístico e audiovisual
(desporto, televisão, rádio, teatro, cinema, música e variedades). As gravuras, numeradas,
eram publicadas diariamente na primeira página do jornal O Século, destinando-se a
ser recortadas e coladas nos espaços em branco do reto das páginas (sendo o verso
em branco) 517 1# $aCaderneta infantil$efiguras da actualidade 518 1# $aFiguras da atualidade 606 ## $aPublicações juvenis$yPortugal$zSéc. 20$xIlustrações$2SIPOR$31997736 675 ## $a087.5(084.1)$vBN$zpor$3288233 710 02 $a O Século$c(firma)$3419694 801 #0 $aPT$bBN$gRPC 966 ## $lBN$mFGMON$pBiblioteca particular Leandro de Moraes Sarmento$sL.M.S. 955 $x3
Etiqueta de registo: 00254nkm 2200025 450 001 2285625 003 http://id.bnportugal.gov.pt/bib/catbnp/2285625 100 ## $a20260502d1962 m y0pory01030103ba 101 0# $apor 102 ## $aPT 116 ## $am 200 1# $aConcurso Lendas de Portugal$bVisual gráfico]$ecaderneta infantil$e2ª série$egrande iniciativa do jornal O Século 210 #9 $aLisboa$cO Século,$d[1962] 215 ## $a32 p.$cil., p&b$d19x24 cm 304 ## $aIlustradores: Álvaro Duarte de Almeida e José Garcês (capa) 317 ## $aColeção Leandro de Moraes Sarmento$5PTBN: L.M.S. 954 330 ## $aCaderneta composta por 90 gravuras a preto e branco (6x5 cm) alusivas a episódios
lendários da História de Portugal, acompanhadas de textos elucidativos. As gravuras,
numeradas, eram publicadas diariamente no canto superior esquerdo da segunda página
do jornal O Século, destinando-se a ser recortadas e coladas nos espaços em branco
correspondentes 517 1# $aCaderneta infantil$eConcurso Lendas de Portugal$e2ª série 517 1# $aLendas de Portugal$eCadernetal infanti$e2ª série 606 ## $aPublicações juvenis$yPortugal$zSéc. 20$xIlustrações$2SIPOR$31997736 675 ## $a087.5(084.1)$vBN$zpor$3288233 702 #1 $aAlmeida,$bÁlvaro Duarte de,$f1909-1972$4440$31201 702 #1 $aGarcês,$bJosé,$f1928-2020$4440$330188 710 02 $a O Século$c(firma)$3419694 801 #0 $aPT$bBN$gRPC 966 ## $lBN$mFGMON$pBiblioteca particular Leandro de Moraes Sarmento$sL.M.S. 954 $x3 966 ## $lBN$mFGMON$pBiblioteca particular Leandro de Moraes Sarmento$sL.M.S. 954 - D $x3
Etiqueta de registo: 00254nkm 2200025 450 001 2285624 003 http://id.bnportugal.gov.pt/bib/catbnp/2285624 100 ## $a20260502d1962 m y0pory01030103ba 101 0# $apor 102 ## $aPT 116 ## $am 200 1# $aConcurso Lendas de Portugal$bVisual gráfico]$e2ª série$egrande iniciativa do jornal O Século 210 #9 $aLisboa$cO Século,$d[1962] 215 ## $a96 p.$cil., p&b$d19x24 cm 304 ## $aIlustradores: Álvaro Duarte de Almeida e José Garcês 317 ## $aColeção Leandro de Moraes Sarmento$5PTBN: L.M.S. 953 330 ## $aCaderneta composta por 90 gravuras a preto e branco (12x9 cm) alusivas a episódios
lendários da História de Portugal, acompanhadas de textos elucidativos. As gravuras,
numeradas, eram publicadas diariamente no canto superior esquerdo da segunda página
do jornal O Século, destinando-se a ser recortadas e coladas nos espaços em branco
do reto das páginas (sendo o verso reservado a publicidade) 517 1# $aCaderneta do Concurso Lendas de Portugal$e2ª série 517 1# $aLendas de Portugal$e2ª série$ecaderneta 606 ## $aPublicações juvenis$yPortugal$zSéc. 20$xIlustrações$2SIPOR$31997736 675 ## $a087.5(084.1)$vBN$zpor$3288233 702 #1 $aAlmeida,$bÁlvaro Duarte de,$f1909-1972$4440$31201 702 #1 $aGarcês,$bJosé,$f1928-2020$4440$330188 710 02 $a O Século$c(firma)$3419694 801 #0 $aPT$bBN$gRPC 966 ## $lBN$mFGMON$pBiblioteca particular Leandro de Moraes Sarmento$sL.M.S. 953 $x3 966 ## $lBN$mFGMON$nFalta a fig. 65; As fig. 68 e 89 estão trocadas$pBiblioteca particular Leandro de Moraes Sarmento$sL.M.S. 953 - D $x3
Etiqueta de registo: 00254nkm 2200025 450 001 2285623 003 http://id.bnportugal.gov.pt/bib/catbnp/2285623 100 ## $a20260502d1960 m y0pory01030103ba 101 0# $apor 102 ## $aPT 116 ## $am 200 1# $aConcurso Lendas de Portugal$bVisual gráfico]$egrande iniciativa do jornal O Século $ecaderneta 210 #9 $aLisboa$cO Século,$d[1960] 215 ## $a96 p.$cil., p&b$d19x24 cm 304 ## $aIlustradores: Álvaro Duarte de Almeida e José Garcês 317 ## $aColeção Leandro de Moraes Sarmento$5PTBN: L.M.S. 952 330 ## $aCaderneta composta por 90 gravuras a preto e branco (12x9 cm) alusivas a episódios
lendários da História de Portugal, acompanhadas de textos elucidativos. As gravuras,
numeradas, eram publicadas diariamente no canto superior esquerdo da segunda página
do jornal O Século, destinando-se a ser recortadas e coladas nos espaços em branco
do reto das páginas (sendo o verso reservado a publicidade) 517 1# $aCaderneta [do] Concurso Lendas de Portugal 517 1# $aLendas de Portugal$ecaderneta 606 ## $aPublicações juvenis$yPortugal$zSéc. 20$xIlustrações$2SIPOR$31997736 675 ## $a087.5(084.1)$vBN$zpor$3288233 702 #1 $aAlmeida,$bÁlvaro Duarte de,$f1909-1972$4440$31201 702 #1 $aGarcês,$bJosé,$f1928-2020$4440$330188 710 02 $a O Século$c(firma)$3419694 801 #0 $aPT$bBN$gRPC 966 ## $lBN$mFGMON$pBiblioteca particular Leandro de Moraes Sarmento$sL.M.S. 952 $x3
Etiqueta de registo: 00254nkm 2200025 450 001 2285622 003 http://id.bnportugal.gov.pt/bib/catbnp/2285622 100 ## $a20260502d1959 m y0pory01030103ba 101 0# $apor 102 ## $aPT 116 ## $am 200 1# $aConcurso Heróis de Portugal$bVisual gráfico]$egrande iniciativa do jornal O Século $ecaderneta 210 #9 $aLisboa$cO Século,$d1959 215 ## $a96 p.$cil., p&b$d19x24 cm 300 ## $aConcurso promovido pelo jornal O Século, com a colaboração da Radiotelevisão Portuguesa 304 ## $aIlustradores: Álvaro Duarte de Almeida, Eduardo Teixeira Coelho e José Garcês 317 ## $aColeção Leandro de Moraes Sarmento$5PTBN: L.M.S. 951 330 ## $aCaderneta composta por 90 gravuras a preto e branco (12x9 cm) de diversas figuras
da História de Portugal, acompanhadas por textos explicativos. As gravuras, numeradas,
eram publicadas diariamente no canto superior esquerdo da segunda página do jornal
O Século, destinando-se a ser recortadas e coladas nos espaços em branco do reto das
páginas (sendo o verso reservado a publicidade) 517 1# $aCaderneta [do] Concurso Heróis de Portugal 517 1# $aHeróis de Portugal$ecaderneta 606 ## $aPublicações juvenis$yPortugal$zSéc. 20$xIlustrações$2SIPOR$31997736 675 ## $a087.5(084.1)$vBN$zpor$3288233 702 #1 $aAlmeida,$bÁlvaro Duarte de,$f1909-1972$4440$31201 702 #1 $aCoelho,$bEduardo Teixeira,$f1919-2005$4440$331614 702 #1 $aGarcês,$bJosé,$f1928-2020$4440$330188 710 02 $a O Século$c(firma)$3419694 801 #0 $aPT$bBN$gRPC 966 ## $lBN$mFGMON$pBiblioteca particular Leandro de Moraes Sarmento$sL.M.S. 951 $x3 966 ## $lBN$mFGMON$nCaderneta incompleta e com gravuras por colar$pBiblioteca particular Leandro de Moraes Sarmento$sL.M.S. 951 - D $x3
|
|
|